Titles of Rock Songs Translated to German - Statistics

General Stats
  • This quiz has been taken 106 times
  • The average score is 8 of 16
Answer Stats
Artist German Translation English Orginal % Correct
AC/DC Autobahn in die Hölle Highway to Hell
96%
The Who Wer bist du Who Are You
81%
Deep Purple Rauch auf dem Wasser Smoke on the Water
79%
Spencer Davis Group Ich bin ein Mann I'm a Man
74%
Aerosmith Träum weiter Dream On
58%
Status Quo Was immer du willst Whatever You Want
58%
Queen Mörderkönigin Killer Queen
55%
Muse Supermassereiches Schwarzes Loch Supermassive Black Hole
52%
Meat Loaf Fledermaus aus der Hölle Bat Out Of Hell
46%
Rolling Stones Mitleid für den Teufel Sympathy for the Devil
44%
Led Zeppelin Einwandererlied Immigrant Song
36%
ZZ Top Gib mir deine ganze Liebe Gimme All Your Lovin'
35%
Foreigner Heißblütig Hot Blooded
33%
Motörhead Pik Ass Ace of Spades
30%
Red Hot Chili Peppers Narbengewebe Scar Tissue
24%
Creedence Clearwater Revival Unten an der Ecke Down on the Corner
22%
No matching quizzes found
Score Distribution
Percent of People with Each Score
Percentile by Number Answered
Your Score History
You have not taken this quiz